000 00647cam a22002293a 4500
001 28625
003 PGUSA
005 20140828083622.0
008 090427s2009||||xxu|||||s|||||000 1 eng d
040 _aPGUSA
_beng
042 _adc
050 4 _aPZ
100 1 _aCobb, Frank
245 1 0 _aBattling the Clouds ;
_bor, For a Comrade's Honor
_h[electronic resource] /
_cFrank Cobb
260 _bProject Gutenberg,
_c2009
506 _aPublic domain in the USA.
516 _aElectronic text
653 _aAeronautics -- Juvenile fiction
830 0 _aProject Gutenberg
_v28625
856 4 0 _uhttp://www.gutenberg.org/ebooks/28625
942 _cEB
999 _c257880
_d257880